Morceaux de Travis Scott - Mort Subite - Statistiques

Statistiques générales
  • Ce quiz a été pris 395 fois
  • Le résultat moyen est 12 sur 16
Answers on the Grid
Answers color-coded by a green-red scale on the quiz's grid according to % correct below.
Uptown
Upper Echelon
Drugs You Should Try It
Skyfall
90210
Antidote
Oh My Dis Side
Nightcrawler
goosebumps
coordinate
STARGAZING
STOP TRYING TO BE GOD
CAN’T SAY
FE!N
I KNOW ?
TELEKINESIS
CRASH THE THRONE
Midnight Halo
LOST FILES ON MARS
auto-morphine
BULLETPROOF GLAMOUR
sierra nights
EGO SYSTEMS
BLOOD ON THE BASSLINE
Chrome Lullaby
NO SIGNAL IN PARADISE
Astrocide
High Fashion, Low Frequency
GASLIGHT GOSPEL
diamond rot
GLITCHED PRAYERS
Blackout Boulevard
 
Statistiques - réponses
Réponse % Correct
FE!N
92%
goosebumps
91%
I KNOW ?
90%
TELEKINESIS
87%
STARGAZING
85%
Antidote
84%
Nightcrawler
83%
90210
82%
CAN’T SAY
81%
Drugs You Should Try It
75%
STOP TRYING TO BE GOD
72%
Oh My Dis Side
64%
Skyfall
62%
coordinate
58%
Upper Echelon
57%
Uptown
40%
Aucun quiz correspondant
Distribution des résultats
% des personnes avec chaque résultat
Percentile par nombre de réponses
Votre historique - résultats
Vous n’avez pas pris ce quiz